[Event "3rd Mersin Open 2018"]
[Site "Mersin"]
[Date "2018.09.13"]
[Round "7.1"]
[White "Bagaturov, Giorgi"]
[Black "Iskandarov, Misratdin"]
[Result "0-1"]
[WhiteElo "2396"]
[BlackElo "2482"]
[Annotator "TA"]
[PlyCount "154"]
[EventDate "2018.09.09"]
[EventType "swiss"]
[EventCountry "TUR"]
[SourceTitle "playchess.com"]
[Source "ChessBase"]
[SourceQuality "1"]

{[%evp 31,154,6,22,20,47,12,27,16,34,0,12,0,6,0,0,0,21,0,0,0,0,0,0,0,0,0,13,13,13,12,13,6,21,0,0,0,0,0,0,0,0,0,0,0,0,0,0,0,0,0,0,0,0,0,0,0,0,0,0,0,0,0,0,0,0,0,0,0,0,0,0,0,18,0,0,0,0,0,0,-60,-60,-68,-68,-70,-70,-154,-154,-154,-86,-92,-86,-86,-86,-233,-87,-87,-87,-216,-115,-172,-156,-612,-528,-439,-347,-1259,-1340,-1405,-1252,-1453,-1266,-1618,-1088,-588,-79,-12838,-12838,-12837,-12837,-12841,-12842,-12844,-12844,-12845,-12842]} 1. d4 Nf6 2. c4 g6 3. g3 Bg7 4. Bg2 d5 5. cxd5 Nxd5 6. Nf3 Nb6 7. Nc3 Nc6 8. e3 O-O 9. O-O Re8 10. d5 Na5 11. Nd4 Bd7 12. b3 c6 {D76: Fianchetto Grünfeld: Main Line with 7...Nb6} (12... Rc8 13. e4 c6 14. Be3 cxd5 15. Nxd5 e5 16. Nxb6 exd4 17. Nxc8 dxe3 18. Nd6 Bxa1 19. Nxe8 Be5 20. Bh3 {½-½ (41) Baburin,A (2487)-Vachier Lagrave,M (2813) Baku 2016}) 13. dxc6 Nxc6 14. Nxc6 Bxc6 15. Bxc6 bxc6 16. Bb2 Qc8 {LiveBook: 5 Games} 17. Qc2 {[#]} h5 $146 ({Predecessor:} 17... Qg4 18. Rfd1 Rac8 19. Rac1 h5 20. Ne2 {½-½ (39) Hejazipour,M (2257)-Darini,P (2514) Rasht 2013}) 18. h4 Qg4 19. Rab1 Rad8 20. Rfd1 Bf6 21. Rxd8 Rxd8 22. Qe4 Qh3 23. Rd1 Rxd1+ 24. Nxd1 Qd7 25. Qc2 Nd5 26. Bxf6 Nxf6 27. Nb2 Qd5 28. Nd3 Qd6 29. Qc4 Nd7 30. Qd4 c5 31. Qe4 Kg7 32. Nb2 Ne5 33. Kg2 Ng4 {...Qd2 is the strong threat.} 34. Qd3 Qc6+ 35. e4 Qf6 36. Nd1 Kg8 37. Qd8+ Kg7 38. Qd3 Kg8 39. Qd8+ Kh7 40. Qd5 Ne5 $1 41. Ne3 e6 42. Qd1 Nc6 43. Qf3 Qe7 44. Nc4 e5 45. Ne3 Kg7 46. Nd5 Qe6 47. Qe3 Nd4 48. Qg5 f6 49. Qe3 Qa6 50. Qd2 Qb5 51. Ne3 a5 {[%cal Ba7a5,Ba5a4][%mdl 32]} 52. Nc4 a4 53. Qa5 Qxa5 ({Wrong is} 53... axb3 $2 54. Qa7+ Kg8 55. Nd6 $18) 54. Nxa5 $11 {[%mdl 4096] Endgame KN-KN} a3 55. Nc4 {[#]} (55. Kf1 $11) 55... Nxb3 $1 $15 {[%mdl 512]} 56. Nxa3 (56. axb3 a2) 56... Nc1 57. Nc4 Nxa2 58. f4 ({White should play} 58. f3 $15) 58... exf4 $17 59. gxf4 Nb4 ({Better is} 59... f5 60. e5 Kf7) 60. Kf3 Nc6 61. Ke3 Kf7 62. Kd3 {[#]} (62. Nb6 $17) 62... Nd4 (62... g5 $1 $19 {[%mdl 512]} 63. hxg5 (63. fxg5 fxg5) 63... fxg5) 63. Ke3 Ke6 64. Na5 (64. Nb2 $17) 64... Kd6 (64... Kd7 $1 $19 65. Nc4 Kc7) 65. Nc4+ {[#]} (65. Nb7+ $17 Kc6 66. Nd8+ Kb5 67. Nf7) 65... Kc6 $1 $19 66. e5 $2 (66. Na3 $17) 66... Kd5 67. Nb6+ Ke6 68. Ke4 $2 (68. exf6 Nf5+ 69. Ke4) 68... fxe5 69. fxe5 Nf5 70. Na4 {[#]} c4 $1 71. Nc5+ Ke7 72. Na4 Nxh4 $2 (72... Kf7 $19 {is more deadly.} 73. Kd5 Nxh4 74. Kxc4 Ke6) 73. Kf4 $2 {[%mdl 8192]} (73. Nb6 $17) 73... Ng2+ {Black is clearly winning.} 74. Kf3 Ne1+ 75. Ke4 h4 76. Kf4 Nd3+ 77. Kg4 g5 {Precision: White = 32%, Black = 62%.} 0-1

[Event "3rd Mersin Open 2018"]
[Site "Mersin"]
[Date "2018.09.14"]
[Round "7.2"]
[White "Rasulov, Vugar"]
[Black "Tarlev, Konstantin"]
[Result "1-0"]
[WhiteElo "2527"]
[BlackElo "2564"]
[Annotator "TA"]
[PlyCount "200"]
[EventDate "2018.09.09"]
[EventType "swiss"]
[EventCountry "TUR"]
[SourceTitle "playchess.com"]
[Source "ChessBase"]
[SourceQuality "1"]

{[%evp 19,200,9,2,10,0,0,18,0,0,0,0,16,4,10,16,6,18,12,12,12,10,9,16,13,20,12,20,9,9,16,41,36,34,0,0,0,0,-3,85,-12,-9,-8,-9,-16,-16,-9,0,0,0,0,0,0,0,-8,0,0,0,0,0,0,16,0,0,0,8,8,8,8,8,8,58,56,56,56,53,30,30,30,29,29,28,8,161,161,166,164,141,153,121,118,163,153,170,168,168,94,94,94,94,94,94,94,99,65,68,72,151,151,153,135,186,77,256,256,259,195,407,385,363,114,114,55,55,55,57,27,41,0,8,8,477,477,477,477,477,477,477,477,477,477,477,477,477,477,477,477,9319,528,513,513,513,513,513,513,29969,29970,29970,29971,29971,29972,29971,29972,29972,29973,29973,29972,29972,29970,29970,29963,29971,29967,29967,29968,29981,29982,29982,29983,29991,29992,29992,29993,29993]} 1. e4 c5 2. Nf3 e6 3. d4 cxd4 4. Nxd4 a6 5. Nc3 Qc7 6. g3 Nf6 7. Bg2 Be7 8. O-O O-O 9. f4 Nc6 {B43: Sicilian: Kan Variation: 5 Nc3} 10. Nb3 d5 {LiveBook: 3 Games} (10... d6 11. Be3 Rb8 12. g4 b5 13. a3 Re8 14. g5 Nd7 15. Rf3 Bf8 16. Rh3 g6 17. Qe1 Bg7 18. Qh4 Nf8 19. Rd1 {½-½ (64) Alekseev,E (2622)-Iljiushenok,I (2519) Sochi 2017}) 11. e5 Nd7 {The position is equal.} 12. Ne2 f6 $146 ({Predecessor:} 12... b5 13. Nbd4 b4 14. Be3 a5 15. Nxc6 Qxc6 16. Nd4 Qb6 17. Rf2 Bc5 {1-0 (53) Lobron,E (2440)-Gobet,F Biel 1982}) 13. Ned4 Nxd4 14. Nxd4 Bc5 ({Wrong is} 14... fxe5 $2 15. Nxe6 Qb6+ 16. Kh1 $18) 15. exf6 Nxf6 16. c3 Qb6 17. b3 Bxd4+ 18. cxd4 Bd7 19. Ba3 Rfc8 20. Re1 Be8 21. Bc5 Qc6 $1 22. Qe2 Bf7 23. Rac1 $36 {[%mdl 2048] White is pushing.} Qd7 24. a4 Re8 25. Qe5 Rac8 26. Ba3 Rxc1 27. Rxc1 {Black must now prevent Rc7.} Rc8 28. Rc5 Bg6 (28... b6 $11 {keeps the balance.} 29. Rxc8+ Qxc8) 29. h3 (29. Bh3 $1 $16 {[%cal Rh3e6]} Bf5 30. Rxc8+ Qxc8 31. Bxf5 exf5 32. Be7) 29... h5 30. Qd6 {And now Qxd7 would win.} Rxc5 31. dxc5 Qxd6 32. cxd6 $11 {[%mdl 4096] Endgame KBB-KBN} Bc2 33. a5 Bxb3 34. Kf2 Nd7 35. Ke3 Kf7 36. Bb2 Bc4 37. Bf3 g6 38. Bd1 Bb5 39. Bd4 Ke8 40. Bc2 Kf7 41. Kf2 Bc4 42. g4 hxg4 43. hxg4 Bb5 44. Kg3 Nb8 45. Kh4 {Threatens to win with Kg5.} Nc6 46. Bb6 e5 47. d7 Ke7 48. Bxg6 {Strongly threatening f5.} exf4 49. Bf5 {aiming for Kg5.} d4 $1 50. Bc7 Nd8 $2 (50... Bc4 $11) 51. Bxf4 $18 {Bg5+ is the strong threat.} Bxd7 52. Bg5+ Ke8 {White should prevent ...Bxf5.} 53. Bg6+ Nf7 54. Bf6 Be6 55. Bxd4 Kd7 56. g5 Nd6 57. Kh5 ({Better is} 57. Bc3 $1 $18) 57... Nc4 $16 58. Bc3 b6 59. axb6 Nxb6 60. Bc2 Nd5 61. Bb2 Ke7 62. Kh6 Ne3 ({Black should play} 62... Kf8) 63. Ba3+ Ke8 64. Bg6+ Bf7 {[#]} (64... Kd7 $16 {was called for.}) 65. Be4 (65. Bb1 $1 $18 {and the rest is easy.}) 65... Nc4 $2 (65... Bd5 $16 66. Bg6+ Kd7) 66. Bc5 $18 Ne5 67. Kg7 a5 $2 (67... Bb3 68. Bd4 Nd7) 68. Bd6 Nd7 {[#]} 69. g6 $2 (69. Bc2 $1 $18 {[%cal Rc2a4] is the precise move to win.} Nb6 70. Bc5) 69... Bb3 $16 70. Bc6 ({White should try} 70. Bf5 $16) 70... Kd8 $1 $14 71. Bb5 a4 72. Bc6 Bc2 73. Bb5 a3 74. Bc4 {Hoping for Be6.} Ke8 $2 {[%mdl 8192]} (74... Nb6 $1 $11 {and Black stays safe.}) 75. Bf7+ $18 Kd8 {intending ...Bb1.} 76. Kh6 Bxg6 77. Kxg6 Nb6 78. Kf5 Kd7 79. Ke5 Kc6 80. Bxa3 Nd7+ 81. Kd4 Nb6 82. Be8+ Kc7 (82... Nd7 $142 83. Be7 Kc7) 83. Bb5 Nc8 84. Kd5 Nb6+ 85. Ke6 Nc8 86. Bc5 Nb6 (86... Kb7 $18 87. Be3 Kc7 88. Bf4+ Kd8) 87. Bd6+ {White mates.} Kb7 88. Bg3 Nc8 89. Kd7 Nb6+ 90. Kd6 Nc8+ 91. Kc5 Na7 92. Be2 Nc8 93. Bf3+ Ka6 94. Bf2 Na7 95. Kd6 Nb5+ 96. Kd7 Na7 97. Be2+ Kb7 98. Be3 Kb8 99. Ba6 Ka8 100. Bf4 Nb5 {Precision: White = 59%, Black = 47%.} 1-0

[Event "3rd Mersin Open 2018"]
[Site "Mersin"]
[Date "2018.09.14"]
[Round "7.3"]
[White "Khodashenas, Mersad"]
[Black "Shishkin, Vadim"]
[Result "1/2-1/2"]
[WhiteElo "2452"]
[BlackElo "2443"]
[Annotator "TA"]
[PlyCount "122"]
[EventDate "2018.09.09"]
[EventType "swiss"]
[EventCountry "TUR"]
[SourceTitle "playchess.com"]
[Source "ChessBase"]
[SourceQuality "1"]

{[%evp 30,122,26,33,26,25,27,25,27,33,32,28,26,58,34,31,41,31,37,25,35,25,31,34,31,34,23,0,0,0,0,0,0,0,0,0,0,0,20,9,13,0,12,0,15,0,0,0,4,0,0,0,0,0,0,0,4,0,0,-6,0,0,0,0,0,0,0,0,3,3,0,2,12,14,12,12,13,8,8,-12,0,-3,18,0,0,0,0,0,0,0,0,0,0,0,0]} 1. d4 Nf6 2. c4 g6 3. f3 d5 4. cxd5 Nxd5 5. e4 Nb6 6. Nc3 Bg7 7. Nb1 Bf8 8. Nc3 Bg7 9. Be3 O-O 10. Qd2 Nc6 11. O-O-O Qd6 {D70: Grünfeld: Unusual White 3rd moves (met by ...d5)} 12. Kb1 Rd8 13. Nb5 Qd7 14. d5 a6 15. Nc3 Qe8 16. Qc1 {LiveBook: 28 Games} Na5 17. h4 e6 $1 {[%cal Re6d5]} 18. Bf4 Rd7 19. Bh6 Bxh6 20. Qxh6 exd5 {[#]} 21. h5 $146 Qf8 22. Qxf8+ Kxf8 23. hxg6 hxg6 24. exd5 {[%cal Be4d5,Bd5d6][%mdl 32]} c6 {[%cal Rb6d5]} 25. d6 Nd5 26. Nxd5 cxd5 27. Rxd5 b5 28. Nh3 Nb7 {The position is equal.} 29. Bd3 Rxd6 30. Nf4 Rxd5 31. Nxd5 Nc5 32. Bc2 Bb7 33. Nf4 Kg7 34. Rc1 Nd7 35. Re1 {Black must now prevent Re7.} Kf8 36. Rd1 Nf6 37. a4 bxa4 38. Bxa4 Rc8 {[#] ...Rc4 is the strong threat.} 39. Rd6 Ke7 40. Rb6 Rc7 41. Bb3 Nd7 42. Rb4 Nf6 43. Rb6 {With the idea Nxg6+.} Nd7 44. Rb4 Nf6 45. Ka2 g5 46. Nh3 g4 47. fxg4 Bxg2 48. Nf4 Bc6 49. Rc4 Kd6 50. Nd3 Bd7 51. Rd4+ Ke7 52. g5 Nh7 53. Nf4 {[#] And now Nd5+ would win.} Rc5 54. Nd5+ Ke8 55. Ka3 Bc6 56. Nc7+ Ke7 57. Kb4 Rxg5 58. Nxa6 Nf6 59. Bc4 Bd5 60. Nc5 Bxc4 61. Kxc4 Rg4 {Precision: White = 73%, Black = 75%.} 1/2-1/2

[Event "3rd Mersin Open 2018"]
[Site "Mersin"]
[Date "2018.09.14"]
[Round "7.4"]
[White "Koksal, Ege"]
[Black "Annaberdiev, Meilis"]
[Result "0-1"]
[WhiteElo "2367"]
[BlackElo "2514"]
[Annotator "TA"]
[PlyCount "138"]
[EventDate "2018.09.09"]
[EventType "swiss"]
[EventCountry "TUR"]
[SourceTitle "playchess.com"]
[Source "ChessBase"]
[SourceQuality "1"]

{[%evp 15,138,40,35,9,8,4,-2,-5,-2,-23,-23,-21,-13,-25,-17,-18,-14,-19,-11,-16,0,0,0,0,0,-22,-4,-18,-22,-33,-25,-60,-31,-39,-41,-37,-37,-42,-35,-48,-32,-41,-35,-37,-37,-37,-35,-43,-28,-32,-29,-27,-31,-37,-37,-29,-22,-54,-50,-60,-60,-66,-29,-43,-41,-62,-54,-62,-50,-63,-54,-46,-48,-289,-280,-255,-258,-285,-319,-439,-423,-410,-300,-313,-220,-282,-220,-220,-220,-303,-337,-291,-25,-32,-8,-8,-13,-14,-22,-6428,-5912,-29966,-29966,-29980,-29981,-29982,-29983,-29982,-29983,-29983,-29983,-29987,-29988,-29988,-29989,-29989,-29990,-29990,-29991,-29991,-29992,-29996,-29997,-29997,-29998]} 1. d4 d6 2. Nf3 Bg4 3. e4 Nd7 4. Be2 e5 5. O-O Ngf6 6. Nc3 {A41: 1 d4 d6: Tartakower System and Modern Defence} Be7 7. Be3 O-O 8. h3 Bh5 {LiveBook: 4 Games} 9. a3 $146 ({Predecessor:} 9. a4 c6 10. a5 Re8 11. d5 cxd5 12. exd5 {1-0 (54) Zorko,J (2454)-Plat,V (2532) Tallinn 2016}) 9... c6 10. dxe5 dxe5 11. Qd3 Qc7 12. Nh4 Nc5 13. Bxc5 Bxc5 14. Qc4 Bb6 15. Rad1 Rad8 16. Bxh5 Nxh5 17. Ne2 Rd7 18. Rxd7 Qxd7 19. Nf3 {[%cal Bh4f3,Bf3e1,Be1d3][%mdl 32]} Qd6 20. Ne1 Nf6 21. Nd3 Rd8 22. Ng3 g6 23. Qb4 h5 (23... Qe6 {looks sharper.} 24. Qd2 h5 25. Qg5 Nh7 26. Qc1 Rd4) 24. Qxd6 Rxd6 25. Re1 $1 Nd7 26. Nf1 f6 27. Re2 Bc7 28. Rd2 a5 29. Nc1 Kf7 30. Rxd6 Bxd6 $15 {[%mdl 4096] Endgame KBN-KNN} 31. Nd2 a4 32. Kf1 Nc5 33. Ke2 Ne6 34. Nc4 Nf4+ 35. Kf1 Bc7 36. Ne2 Ne6 37. f3 b5 38. Nd2 Ba5 39. Ke1 f5 40. b4 axb3 41. cxb3 Nc5 {White must now prevent ...Nxb3.} 42. b4 Nd3+ 43. Kd1 Bb6 44. Kc2 $2 (44. exf5 $15 gxf5 45. Nf1) 44... Ne1+ $19 45. Kb3 Nxg2 46. a4 Be3 47. Nf1 bxa4+ 48. Kxa4 fxe4 49. fxe4 Bb6 50. Nd2 Nf4 51. Nxf4 exf4 {KB-KN} 52. Nf3 Kf6 {Threatens to win with ...g5.} 53. b5 {[#]} cxb5+ $2 ({Black should try} 53... g5 $1 $19 54. bxc6 g4) 54. Kxb5 $11 Bf2 55. Kc4 g5 56. e5+ Kf5 57. e6 $2 {[%mdl 8192]} (57. Kd5 $11) 57... Kxe6 $19 58. Nxg5+ Kf5 {Black mates.} 59. Nh7 {[#]} Bc5 $1 {[%mdl 512]} 60. Kd3 (60. Kxc5 f3) 60... Bd6 61. h4 Be7 62. Ke2 Kg4 63. Kf2 Bxh4+ 64. Kg2 Be7 65. Kf2 f3 {[%cal Bf4f3,Bf3f2][%mdl 32]} 66. Kf1 h4 {[%cal Bh5h4,Bh4h3][%mdl 32]} 67. Kg1 h3 68. Kh2 f2 69. Nf6+ Bxf6 {Precision: White = 44%, Black = 64%.} 0-1

[Event "3rd Mersin Open 2018"]
[Site "Mersin"]
[Date "2018.09.14"]
[Round "7.5"]
[White "Kizilkus, Akin"]
[Black "Odeev, Handszar"]
[Result "0-1"]
[WhiteElo "1980"]
[BlackElo "2410"]
[Annotator "TA"]
[PlyCount "58"]
[EventDate "2018.09.09"]
[EventType "swiss"]
[EventCountry "TUR"]
[SourceTitle "playchess.com"]
[Source "ChessBase"]
[SourceQuality "1"]

{[%evp 15,58,10,35,23,41,31,50,6,0,0,0,-2,0,-6,16,9,26,16,52,-41,-20,-50,-43,-35,-25,-36,-21,-28,-23,-27,-16,-119,-22,-280,-285,-286,-272,-323,-277,-580,-523,-593,-589,-891,-882]} 1. d4 Nf6 2. c4 g6 3. Nc3 d5 4. cxd5 Nxd5 5. e4 Nxc3 6. bxc3 Bg7 7. Nf3 O-O 8. Rb1 b6 {LiveBook: 18 Games} 9. Bd3 {D85: Exchange Grünfeld: Unusual White 7th moves and lines with 7 Nf3} (9. Be3 Bb7 10. Bd3 Nd7 11. e5 f6 12. Qb3+ Kh8 13. e6 Bxf3 14. gxf3 Nc5 15. dxc5 Qxd3 16. Rd1 Qf5 17. Qd5 {1-0 (33) Moreno Trujillo,A (2533)-Camacho Collados,J (2388) Granada 2014}) 9... c5 {[%cal Rc5d4]} 10. O-O $146 ({Predecessor:} 10. Be3 Bg4 11. Qa4 Nd7 12. O-O cxd4 13. cxd4 Nc5 14. dxc5 Qxd3 15. Rfd1 Qc3 16. Rdc1 Qf6 {½-½ (46) Urbanek,S (2120)-Pribyl,J (2393) Prague 2003}) 10... Qc7 11. Bb2 {White is slightly better.} e6 12. Qe2 Bb7 13. Rfd1 Rd8 14. Qe3 Nd7 15. e5 Bd5 16. a3 Qc6 17. Ne1 (17. Ng5 $1 $14) 17... b5 $15 18. a4 a6 19. axb5 axb5 20. Bc1 Rdb8 21. Bd2 Ra3 22. Nc2 Ra2 23. f3 {[#]} (23. dxc5 $11 Qxc5 24. Nb4) 23... Bf8 ({Black should try} 23... cxd4 $1 $17 24. Nxd4 Qa8) 24. Ra1 $2 {[%mdl 8192] [#]} (24. Rdc1 $1 $11 {and White is okay.}) 24... Rxc2 $1 $19 {[%mdl 512]} 25. Bxc2 {Strongly threatening Bd3.} cxd4 26. Qe1 Bc5 27. Be4 $2 (27. Kh1 Bxf3 28. Qg3 Bxd1 29. Bxd1) 27... Bxe4 {Black is clearly winning.} 28. fxe4 dxc3+ 29. Be3 b4 {Precision: White = 24%, Black = 42%.} 0-1

[Event "3rd Mersin Open 2018"]
[Site "Mersin"]
[Date "2018.09.14"]
[Round "7.6"]
[White "Buyukasik, Diyap"]
[Black "Isik, Engin Yasar"]
[Result "0-1"]
[WhiteElo "2305"]
[BlackElo "2171"]
[Annotator "TA"]
[PlyCount "146"]
[EventDate "2018.09.09"]
[EventType "swiss"]
[EventCountry "TUR"]
[SourceTitle "playchess.com"]
[Source "ChessBase"]
[SourceQuality "1"]

{[%evp 16,146,2,7,14,-7,8,6,19,4,25,0,15,-4,0,0,0,0,0,0,0,-4,0,0,0,-5,22,0,0,0,0,0,0,-10,-10,-16,27,-2,16,0,6,0,0,0,-5,-7,0,0,0,0,16,-20,-10,-5,-10,-10,0,-39,-43,-164,0,0,0,0,0,-14,0,0,0,0,32,22,22,0,44,0,0,0,0,0,0,-64,-64,-199,-36,-114,-8,-8,-8,-44,-98,-800,-818,-707,-662,-751,-700,-652,-652,-554,-55,-642,-619,-655,-644,-554,-502,-531,-195,-883,-593,-579,-506,-29962,-752,-29979,-29980,-29983,-29984,-29984,-29978,-29978,-29974,-29977,-29977,-29975,-29971,-29973,-29974,-29972,-29971,-29982,-29983]} 1. Nf3 Nf6 2. g3 g6 3. Bg2 Bg7 4. O-O O-O 5. c4 d6 6. Nc3 c6 7. d3 a5 8. a3 {A16: Englische Eröffnung} Na6 9. Rb1 {LiveBook: 3 Partien} Nc7 $146 ({Vorgänger:} 9... d5 10. cxd5 Nxd5 11. Bd2 Nac7 12. Qc2 e5 13. Na4 Nb5 14. e4 Nb6 15. Nxb6 Qxb6 {½-½ (28) Vidit,S (2582)-Vishnu,P (2505) Chennai 2013}) 10. Qc2 {Die Stellung ist ausgeglichen.} Bd7 11. b4 axb4 12. axb4 Qc8 13. Re1 Re8 14. Bb2 Bh3 15. Bh1 Qg4 16. Bc1 h6 17. b5 Qh5 18. Nd2 Bd7 19. bxc6 Ng4 20. Nf1 Bxc6 21. f3 Qc5+ 22. e3 Nf6 $1 23. Nd2 e5 24. Nb3 Qa7 25. Ra1 Qb8 26. Bd2 h5 27. Na5 Ne6 28. Nxc6 bxc6 29. Rxa8 Qxa8 30. f4 exf4 31. gxf4 Ng4 {Und weiter mit ...Sxf4! wäre nett.} 32. h3 Nh6 33. Ne4 d5 34. cxd5 cxd5 35. Nc3 {[%cal Be4c3,Bc3a4,Ba4b6][%mdl 32]} Nc7 36. Na4 Qd8 37. Ba5 {[#]} (37. Bg2 $15 Ne6 38. Qc6) 37... Qd7 $2 (37... Qh4 $1 $19 {Droht ...Se6 und aus.} 38. Qxc7 Qg3+ 39. Bg2 Rxe3 40. Rxe3 Qxe3+ 41. Kh1 Nf5) 38. Bxc7 $11 Rc8 39. Nb6 Rxc7 40. Qg2 Qb5 41. Nxd5 Ra7 42. Qc2 Nf5 43. Be4 Qa5 44. Rb1 Kh7 45. d4 Nxe3 46. Nxe3 {Und Dd3 würde nun gewinnen.} Bxd4 47. Kf2 {Dd3 ist eine echte Drohung.} Re7 48. Kf3 (48. Qd3 $11 Qa2+ 49. Kf3) 48... Bxe3 $1 $15 49. f5 (49. Kxe3 $15 f5 50. Rb7 Rxb7 51. Bxb7 Qa7+ 52. Kd2 Qxb7 53. Qc5) 49... Bd4 $2 (49... gxf5 $19 50. Bxf5+ Kh6) 50. fxg6+ (50. Qd3 $1 $15 Qe5 51. fxg6+ fxg6 52. Rb7 Rxb7 53. Bxb7) 50... Kg7 (50... fxg6 $17 51. Kg2 Kg7) 51. Qd3 $11 Qe5 $36 {[%mdl 2048] Weiss muss nun ...h4 beachten. Schwarz hat Initiative.} 52. Rb5 Bc5 53. Qc4 $2 {[%mdl 8192]} (53. gxf7 $17 h4 54. Rxc5 Qxc5 55. Qd5 Qc3+ 56. Bd3) 53... Qf6+ $19 54. Ke2 Qf2+ 55. Kd1 Rd7+ 56. Bd3 Be3 {[%csl Ge3][%cal Rf2d2]} 57. Qc3+ Bd4 $2 (57... f6 $19 58. Rb4 Qg1+ 59. Kc2 Qg2+ 60. Kb1 Qd5) 58. Qc4 $2 {[%mdl 8192]} (58. Qd2 $15) 58... Re7 {[%csl Gf2][%cal Re7e1]} 59. Be2 Qg1+ 60. Kc2 {beabsichtigt gxf7.} Qxg6+ 61. Kd1 Rd7 $2 (61... Bf6 62. Rxh5 Re4) 62. Bd3 $2 (62. Rd5 Qb1+ 63. Kd2 Qb2+ 64. Kd3 Rxd5 65. Qxd5 Qc3+ 66. Ke4 Qe3+ 67. Kf5 Qxh3+ 68. Ke4 Qe3+ 69. Kf5 Qxe2 70. Qxd4+ Kh7 71. Qa7 Qf3+ 72. Kg5 Qg4+ 73. Kf6 Qf4+ 74. Ke7) 62... Qg1+ 63. Kc2 Qf2+ 64. Kb1 {[#]} (64. Kd1 $19 Be3 65. Qc3+ f6 66. Rb4) 64... Bf6 (64... Ra7 $142 65. Be2 Qe1+ 66. Kc2 Ra2+ 67. Qxa2 Qxe2+ 68. Kb3 Qxb5+ 69. Kc2 Qe2+ 70. Kb3 Qe6+ 71. Ka3 Qxh3+ 72. Ka4 Qd7+ 73. Kb3 Qe6+ 74. Ka3 Qa6+ 75. Kb3 Qe6+ 76. Ka3 Qxa2+ 77. Kxa2 h4 78. Kb3 h3 79. Kb4 h2 80. Kc4 Ba7 81. Kb3 h1=Q 82. Kc3 Qc6+ 83. Kb3 Bb8 84. Ka3 Qb5 85. Ka2 Bd6 86. Ka1 Be5+ 87. Ka2 Qb2#) 65. h4 Ra7 {[%csl Gf6][%cal Ra7a1] Schwarz setzt Matt.} 66. Rg5+ Bxg5 67. hxg5 {[%mdl 4096] Endspiel KDT-KDL} Rb7+ 68. Kc1 Qe1+ 69. Kc2 Qb1+ 70. Kd2 Qb4+ 71. Ke3 Qxc4 72. Bxc4 Rc7 73. Bd3 Rc3 {Precision: Weiß = 38%, Schwarz = 43%.} 0-1

[Event "3rd Mersin Open 2018"]
[Site "Mersin"]
[Date "2018.09.14"]
[Round "7.7"]
[White "Gasimov, Parviz"]
[Black "Bacak, Muhammed Kaan"]
[Result "0-1"]
[WhiteElo "2341"]
[BlackElo "2126"]
[Annotator "TA"]
[PlyCount "72"]
[EventDate "2018.09.09"]
[EventType "swiss"]
[EventCountry "TUR"]
[SourceTitle "playchess.com"]
[Source "ChessBase"]
[SourceQuality "1"]

{[%evp 18,72,-6,-16,-9,-31,75,85,81,79,94,90,67,82,73,36,43,36,33,20,45,43,38,-64,-65,-65,-79,-59,-71,-104,-24,-77,-45,-131,-137,-174,-126,-250,-201,-330,-308,-256,-229,-279,-282,-477,-498,-631,-592,-906,-954,-929,-910,-883,-869,-29996,-29997]} 1. e4 c5 {[%cal Bc7c5,Bc5c4,Bc4d3][%mdl 32]} 2. Nf3 e6 3. c3 Nf6 4. Bd3 {[%cal Bf1d3,Bd3c2,Bc2a4,Ba4c6][%mdl 32]} d5 5. e5 Nfd7 6. Bc2 {B40: Sizilianisch (Klassisches System mit e7-e6)} c4 7. O-O (7. d4 cxd3 8. Qxd3 Nc6 9. Bf4 g6 10. O-O Bg7 11. Re1 h6 12. Bg3 g5 {½-½ (31) Bruzon Batista,L (2659)-Perunovic,M (2622) Berlin 2015}) 7... Nc6 8. Re1 g5 9. d4 cxd3 10. Ba4 {LiveBook: 4 Partien} h6 11. Nd4 Bg7 $146 ({Doch nicht} 11... Nxd4 $6 12. cxd4 a6 13. Qxd3 $14) (11... Qb6 $15) ({Vorgänger:} 11... Qc7 12. Qh5 Nc5 13. Bxc6+ bxc6 14. Bxg5 {0-1 (35) Runic,Z (2395)-Poetz,F (2417) Graz 2013}) 12. Nxc6 $16 bxc6 13. Bxc6 Rb8 14. Qxd3 O-O 15. Bxd7 $1 Bxd7 16. Nd2 f6 $1 17. exf6 Qxf6 18. Qg3 g4 19. Nb3 e5 20. c4 ({Lieber} 20. Be3 $14) 20... d4 $15 {[%mdl 1024] Schwarz hat Kompensation.} 21. Nc5 Bc6 {[%cal Bd7c6,Bc6a8,Ba8d5,Bd5e6,Be6f5][%mdl 32]} 22. b4 {zielt auf b5 ab.} h5 ({Viel schlechter ist} 22... Rxb4 $6 23. Ne4 $14) 23. Ba3 {[#] Und b5 würde nun gewinnen.} Rf7 (23... h4 $1 $17 {[%cal Rh4g3]} 24. Qxg4 Qxf2+ 25. Kh1 Qf5 26. Qxf5 (26. Qxh4 $2 Bxg2+ 27. Kg1 Rb6 $19) 26... Rxf5) 24. b5 (24. Re2 $11 {bleibt in der Remisbreite.}) 24... Ba8 $17 25. Nd3 (25. Re2 $1 $15) 25... Re8 26. c5 Bd5 27. Nb4 (27. c6 $17 Qf5 28. h3) 27... Be6 28. Rf1 (28. h4 $142 gxh3 29. Re4) 28... h4 {[%cal Bh5h4,Bh4h3][%mdl 32]} 29. Qd3 Bf5 30. Qb3 h3 31. g3 $2 (31. Qd5) 31... Be6 $19 32. Qd1 Qf5 33. Rc1 Qe4 {[%csl Gh3][%cal Re4g2]} 34. f3 Rxf3 35. Rxf3 gxf3 {[%cal Bg4f3,Bf3f2][%mdl 32]} 36. Qd3 {[#]} f2+ $1 {[%mdl 512] Precision: Weiß = 20%, Schwarz = 73%.} 0-1